00524nam a2200181Ia 4500008004100000020001800041082001500059100001900074245003500093250000600128260003900134300001600173500002400189650001000213942000700223952009500230999001700325230524s9999 xx 000 0 und d a9789380578255 a526.9bBHA aS.S.Bhavikatti 0aSurveying Theory and practice a1 aNew DelhibI.K.Internationalc2010 a"XIX,832p;" aQuantity Number: 1 aCivil cBK 00104070aTATCLbTATCLcGENd2023-05-24l0o526.9 BHAp54172r2023-05-24w2023-05-24yBK c57879d57879